[Event "Stjernen NGP B"]
[Site "Oslo"]
[Date "2018.06.09"]
[Round "4"]
[White "Budde, Elias Fredrik"]
[Black "Lovasen, Viktor Nygaard"]
[Result "0-1"]
[WhiteElo "1317"]
[BlackElo "1278"]
[PlyCount "82"]
[EventDate "2018.06.08"]
[EventType "swiss"]
[EventRounds "6"]
[EventCountry "NOR"]
[SourceTitle "EXT 2024"]
[Source "ChessBase"]
[SourceDate "2023.10.10"]
[SourceVersion "1"]
[SourceVersionDate "2023.10.10"]
[SourceQuality "1"]

1. e4 e6 2. d4 d5 3. e5 c5 4. c3 Nc6 5. Nf3 Qb6 6. a3 a5 7. b3 Be7 8. c4 cxd4 9. cxd5 exd5 10. a4 Nh6 11. Bb5 0-0 12. Bxc6 bxc6 13. Nxd4 c5 14. Ne2 d4 15. Bxh6 gxh6 16. Qd2 Bb7 17. 0-0 Qg6 18. g3 f6 19. e6 Bd6 20. Na3 Rfe8 21. Nf4 Bxf4 22. Qxf4 Qe4 23. Qxe4 Bxe4 24. Nc4 Bc2 25. Ra3 Bd3 26. Nd2 Bxf1 27. Nxf1 Rac8 28. Nd2 Rxe6 29. Nf3 Rd6 30. Nh4 Rd5 31. Ng2 c4 32. bxc4 Rxc4 33. Ra1 Rdc5 34. Nf4 Rc1+ 35. Rxc1 Rxc1+ 36. Kg2 Rc4 37. Kf3 Rxa4 38. Ke4 Ra2 39. Kxd4 Rxf2 40. Kc4 Rxh2 41. Kb5 Ra2 0-1

[Event "Stjernen NGP B"]
[Site "Oslo"]
[Date "2018.06.09"]
[Round "3"]
[White "Larsen, Per Magnus"]
[Black "Budde, Elias Fredrik"]
[Result "1-0"]
[WhiteElo "1315"]
[BlackElo "1317"]
[PlyCount "95"]
[EventDate "2018.06.08"]
[EventType "swiss"]
[EventRounds "6"]
[EventCountry "NOR"]
[SourceTitle "EXT 2024"]
[Source "ChessBase"]
[SourceDate "2023.10.10"]
[SourceVersion "1"]
[SourceVersionDate "2023.10.10"]
[SourceQuality "1"]

1. d4 d5 2. c4 e6 3. Nf3 Nc6 4. Bf4 Nf6 5. cxd5 exd5 6. Qc2 Bb4+ 7. Bd2 Bxd2+ 8. Nbxd2 0-0 9. e3 Re8 10. a3 Bg4 11. Bd3 g6 12. h3 Bxf3 13. Nxf3 Ne4 14. 0-0 Qd7 15. Bb5 Rad8 16. Rac1 Re6 17. Ne5 Qe7 18. Nxc6 bxc6 19. Bxc6 g5 20. Bb5 Rg6 21. Be2 Rd7 22. Bg4 Rd8 23. Qxc7 Qxc7 24. Rxc7 Ra8 25. Bf5 Rb6 26. Bxe4 dxe4 27. b4 Ra6 28. Rc3 Rb8 29. f3 exf3 30. Rxf3 Kg7 31. Rf5 h6 32. Ra5 Rxa5 33. bxa5 Rb1+ 34. Kf2 Rb2+ 35. Kf3 Rb5 36. e4 Rxa5 37. d5 Ra6 38. e5 Rb6 39. d6 Rb8 40. Ke4 Rd8 41. Rc7 a5 42. Kd5 Kf8 43. Rc5 a4 44. Rc4 Ra8 45. Rc7 Ra5+ 46. Ke4 Ra8 47. Kf5 Rd8 48. Kf6 1-0